Catálogo
 En Linea

Nuevas técnicas para la dirección de empresas. : (Registro nro. 36691)

Detalles MARC
000 -CABECERA
campo de control de longitud fija 00810nam a2200193 a 4500
001 - NÚMERO DE CONTROL
campo de control 000037201
005 - FECHA Y HORA DE LA ÚLTIMA TRANSACCIÓN
campo de control 20200930080213.0
008 - DATOS DE LONGITUD FIJA--INFORMACIÓN GENERAL
campo de control de longitud fija 120301s1972 mx 000 0 spa d
040 ## - FUENTE DE LA CATALOGACIÓN
Centro catalogador/agencia de origen DO-SdBNP
Lengua de catalogación spa
Centro/agencia transcriptor BNPHU
082 ## - NÚMERO DE LA CLASIFICACIÓN DECIMAL DEWEY
Número de clasificación xxxx
Número de documento/Ítem H576n
100 1# - ENTRADA PRINCIPAL--NOMBRE DE PERSONA
Nombre de persona Hertz, David B.
9 (RLIN) 63613
240 10 - TÍTULO UNIFORME
Título uniforme New power for management
Lenguaje de la obra Español
245 10 - MENCIÓN DE TÍTULO
Título Nuevas técnicas para la dirección de empresas. :
Resto del título ciencias de la administración y sistemas de computación /
Mención de responsabilidad, etc. David Bendel Hertz; traducción Margarita Álvarez Franco Martínez.
260 ## - PUBLICACIÓN, DISTRIBUCIÓN, ETC.
Lugar de publicación, distribución, etc. México :
Nombre del editor, distribuidor, etc. Centro Regional de Ayuda Técnica :
-- Agencia pra el Desarrollo Internacional (AID),
Fecha de publicación, distribución, etc. 1972.
300 ## - DESCRIPCIÓN FÍSICA
Extensión 242 p. ;
Dimensiones 22 cm.
500 ## - NOTA GENERAL
Nota general Traduccido del inglés
504 ## - NOTA DE BIBLIOGRAFÍA, ETC.
Nota de bibliografía, etc. Bibliografía : p.231-236
700 1# - PUNTO DE ACCESO ADICIONAL--NOMBRE DE PERSONA
Nombre de persona Álvarez Franco Martínez, Margarita,
Término indicativo de función/relación tr.
9 (RLIN) 63614
Existencias
Estado de retiro Estado de pérdida Restricciones de uso No para préstamo Código de colección Localización permanente Ubicación/localización actual Ubicación en estantería Fecha de adquisición Número de inventario Total de préstamos Signatura topográfica completa Código de barras Fecha visto por última vez Precio válido a partir de Tipo de ítem Koha
      Excluido de préstamo Monografías: Libros y Folletos General General En catalogación 01.03.2012 LF1   xxxx H576n 37201-10 25.06.2020 25.06.2020 No se presta

Con tecnología Koha